000 00845cam a2200265 4500
001 J91230
008 090401t1998 xxu||||| |||| 00| 0 eng d
035 _a(Sirsi) u85700
041 _aeng
050 _a692.80212
110 _aUnited Kingdom
_bDepartment of the Environment, Transport and the Regions
_93507
245 _aPrice adjustment formulae for construction contracts : monthly bulletin of indices. - January - December 1998
260 _aLondon
_bDETR
_c1998
300 _a1 vol. ; 30cm.
350 _a0
650 _aBAXTER INDICES
650 _aBUILT ENVIRONMENT-BUILDING CONTRACT FORMS
650 _aNEDO INDICES
650 _aOSBORNE INDICES
650 _aPRICE ADJUSTMENT FORMULAE
650 _aPROPERTY SERVICES AGENCY
690 _aBUILT ENVIRONMENT-BUILDING CONTRACT FORMS
942 _n0
948 _c21/04/1998
999 _c97064
_d97064